00878cam a2200289 a 4500001000500000005001700005020001800022040003800040050002200078082001000100100001600110245004700126250004200173260003500215300005800250490001700308505000800325520005600333521002000389521002000409650002800429650003100457650003400488650001900522650002200541650002500563315520250131080041.0 a9780545351447 aDLCcDLCdIG#dEHHdXY4dDLCbeng00aPZ7.W65535b 201000a813.61 aWillems, Mo10aCat the cat, who is that? /cby Mo Willems aFirst Scholastic printing, March 2011 aNew York :bScholastic, c2010 a20 unnumbered pages : bcolor illustrations ;c24 cm.0 aCat the cat  aC  aAn exuberant cat introduces readers to her friends.1 a120 bLexile 1 aC bRaz-Plus  0aCatsvJuvenile fiction. 0aAnimalsvJuvenile fiction. 0aFriendshipvJuvenile fiction. 1aCatsvFiction. 1aAnimalsvFiction. 1aFriendshipvFiction.